[Event "Bundesliga 2022-23"]
[Site "Munich GER"]
[Date "2022.10.23"]
[Round "2.6"]
[Board "1"]
[White "Narayanan, S.L."]
[Black "Kryvoruchko, Yuriy"]
[Result "1/2-1/2"]
[WhiteTitle "GM"]
[BlackTitle "GM"]
[WhiteElo "2663"]
[BlackElo "2658"]
[WhiteTeam "SV Deggendorf"]
[BlackTeam "SC Viernheim"]
[WhiteFideId "5058422"]
[BlackFideId "14109182"]
[EventDate "2022.10.22"]

1. e4 e5 2. Nf3 Nc6 3. Bc4 Bc5 4. d3 Nf6 5. a4 O-O 6. c3 a5 7. Bg5 h6 8. Bh4 Be7
9. Bg3 d6 10. h3 Kh8 11. Nbd2 Nh7 12. Qb3 Qe8 13. O-O f5 14. exf5 Bxf5 15. Rfe1
Qd7 16. d4 exd4 17. Nxd4 Nxd4 18. cxd4 Bf6 19. Nf3 Ng5 20. Nh4 Ne4 21. Nxf5 Qxf5
22. Bd3 d5 23. Bxe4 dxe4 24. Rad1 Rad8 25. Qe3 Qd7 26. d5 Qxa4 27. Bxc7 Rd7 28.
b3 Qb5 29. d6 Bd8 30. Qc3 Qf5 31. Rd2 Qf7 32. Bxd8 Rfxd8 33. Qxa5 Qxb3 34. Qe5
Qc4 35. Rd5 Qc6 36. Red1 Qc2 37. R5d2 Qc6 38. h4 b5 39. Qd4 Qc4 40. Qb6 Qb3 41.
Qd4 Rxd6 42. Qxd6 Rxd6 43. Rxd6 e3 44. fxe3 Qxe3+ 45. Kh2 b4 46. R6d3 Qe2 47.
R1d2 Qe1 48. g3 Qb1 1/2-1/2

[Event "Bundesliga 2022-23"]
[Site "Munich GER"]
[Date "2022.10.23"]
[Round "2.6"]
[Board "2"]
[White "Korobov, Anton"]
[Black "Sedlak, Nikola"]
[Result "1/2-1/2"]
[WhiteTitle "GM"]
[BlackTitle "GM"]
[WhiteElo "2672"]
[BlackElo "2472"]
[WhiteTeam "SC Viernheim"]
[BlackTeam "SV Deggendorf"]
[WhiteFideId "14105730"]
[BlackFideId "922900"]
[EventDate "2022.10.22"]

1. d4 d5 2. c4 c6 3. Nf3 Nf6 4. e3 Bf5 5. Nc3 e6 6. Nh4 Bg6 7. Nxg6 hxg6 8. Bd2
Nbd7 9. g3 Be7 10. b3 e5 11. cxd5 exd4 12. exd4 Nxd5 13. Nxd5 cxd5 14. Bg2 Nf6
15. O-O O-O 16. Re1 Re8 17. Rc1 Qb6 18. Bf4 Bd6 19. Rxe8+ Rxe8 20. Be3 Ne4 21.
Qd3 a6 22. Bf3 Qd8 23. Kg2 Qe7 24. Rc2 Qe6 25. b4 Qf5 26. Qb3 g5 27. b5 g4 28.
Be2 a5 29. b6 Bb4 30. Qd3 Be1 31. Bf1 Re6 32. Qd1 Bb4 33. Be2 Rg6 34. Kg1 Kh7
35. Kg2 a4 36. Bd3 Rxb6 37. Rb2 Ba5 38. Rxb6 Bxb6 39. Qxa4 g6 40. Qb3 Qe6 41. a4
Kg7 42. Qb4 Qd6 43. Qb5 Qe6 44. Kf1 Nf6 45. a5 Bc7 46. Bd2 Ne4 47. Be1 Nd6 48.
Qc5 Bd8 49. Bb4 Be7 50. Qc7 Qf6 51. Kg1 Ne4 52. Bxe4 Bxb4 53. Bxd5 Be1 54. Qf4
Qxf4 55. gxf4 Bxa5 1/2-1/2

[Event "Bundesliga 2022-23"]
[Site "Munich GER"]
[Date "2022.10.23"]
[Round "2.6"]
[Board "4"]
[White "Meier, Georg"]
[Black "Stojanovic, Dalibor"]
[Result "1/2-1/2"]
[WhiteTitle "GM"]
[BlackTitle "GM"]
[WhiteElo "2613"]
[BlackElo "2472"]
[WhiteTeam "SC Viernheim"]
[BlackTeam "SV Deggendorf"]
[WhiteFideId "4675789"]
[BlackFideId "922692"]
[EventDate "2022.10.22"]

1. Nf3 Nf6 2. g3 g6 3. Bg2 Bg7 4. O-O O-O 5. d4 d6 6. b3 a5 7. c4 a4 8. b4 e5 9.
Nc3 Nc6 10. dxe5 dxe5 11. b5 Nd4 12. Ba3 Re8 13. Rc1 Bg4 14. Re1 Bh6 15. e3
Nxf3+ 16. Bxf3 Bxf3 17. Qxf3 e4 18. Qd1 Bg7 19. Qxd8 Raxd8 20. Red1 c6 21. Rxd8
Rxd8 22. Be7 Rc8 23. Rd1 cxb5 24. cxb5 Ne8 25. Nxa4 f5 26. Bb4 Nf6 27. h3 Bf8
28. Nb6 Re8 29. Bc3 Kf7 30. a4 Bc5 31. Nc4 Rc8 32. Bxf6 Kxf6 33. Rd7 Bb4 34. Nb6
Rc1+ 35. Kg2 Be1 36. a5 Bxa5 37. Rxb7 Bxb6 38. Rxb6+ Kg5 39. Rb7 h5 40. b6 Rb1
41. Rb8 Kh6 42. b7 Kg7 43. g4 h4 44. gxf5 gxf5 45. f4 exf3+ 46. Kxf3 Rb4 47. Ke2
Rb3 48. Kd2 Kh7 49. Kc2 Rb6 50. Kc3 Kg7 51. Kd4 Rb3 52. Kd5 Kh7 53. Kc4 Rb1 54.
Kd3 Kg7 55. Ke2 Rb2+ 56. Kd1 Kh7 57. Kc1 Rb6 58. Kc2 Kg7 59. Kc3 Rb1 60. Kd4 Rb3
61. Kd5 Kh7 62. Rf8 Rxb7 63. Rxf5 Kg6 64. Rf4 Kg5 65. Ke4 Rb4+ 66. Kf3 Rb1 67.
Kg2 Rb2+ 68. Rf2 Rb3 69. Kf3 Rb1 70. Ra2 Rf1+ 71. Kg2 Re1 72. Ra5+ Kf6 73. Ra3
Ke5 74. Rd3 Kf5 75. Kf3 Rg1 76. e4+ Ke5 77. Rd5+ Ke6 78. Rd3 Ke5 79. Rd5+ 1/2-1/2

[Event "Bundesliga 2022-23"]
[Site "Munich GER"]
[Date "2022.10.23"]
[Round "2.6"]
[Board "5"]
[White "Bogosavljevic, Boban"]
[Black "Fedorchuk, Sergey A."]
[Result "1/2-1/2"]
[WhiteTitle "GM"]
[BlackTitle "GM"]
[WhiteElo "2533"]
[BlackElo "2619"]
[WhiteTeam "SV Deggendorf"]
[BlackTeam "SC Viernheim"]
[WhiteFideId "931152"]
[BlackFideId "14102536"]
[EventDate "2022.10.22"]

1. Nf3 c5 2. c4 Nc6 3. g3 g6 4. Bg2 Bg7 5. Nc3 e5 6. O-O Nge7 7. a3 O-O 8. b4 d5
9. bxc5 dxc4 10. Rb1 Qa5 11. Ng5 Qxc5 12. a4 Nd4 13. Nge4 Qc7 14. Ba3 f5 15. Nd6
e4 16. d3 cxd3 17. Ncb5 Nxb5 18. Nxb5 Qe5 19. exd3 a6 20. Bb2 Qc5 21. Rc1 Qb6
22. Bxg7 Kxg7 23. Nc7 Rb8 24. dxe4 f4 25. a5 Qf6 26. e5 Qxe5 27. Re1 Qf6 28. Qd2
fxg3 29. hxg3 Bf5 30. Qb4 Nc6 31. Qc5 Kh8 32. Nxa6 bxa6 33. Qxc6 Bd3 34. Qxf6+
Rxf6 35. Re7 g5 36. Bb7 Rbf8 37. f3 R8f7 38. Rcc7 Rxe7 39. Rxe7 Bb5 40. Be4 h6
41. Rc7 Kg8 42. Kf2 Rd6 43. Ke3 Kf8 44. g4 Ke8 45. Bf5 Kd8 46. Ra7 Rd1 47. Be4
Rd6 48. Rg7 Be8 49. Rh7 Bd7 50. Bd3 Re6+ 51. Kd4 Rd6+ 52. Ke3 Re6+ 53. Be4 Rd6
54. Rh8+ Ke7 55. Rb8 Bb5 56. Bf5 Kf6 57. Rh8 Ke5 58. Be4 Bc6 59. Rb8 Bb5 60. Rf8
Rd1 61. Rh8 Rd6 62. Rh7 Rf6 63. Rc7 Rd6 64. Rc5+ Kf6 65. Rf5+ Ke6 66. f4 gxf4+
67. Kxf4 Rd4 68. Ke3 Ra4 69. Rh5 Rxa5 70. Rxh6+ Ke5 71. Rh5+ Ke6 72. Kf4 Ra1 73.
Rh6+ Ke7 74. Ke5 Re1 75. Rh7+ Kd8 76. Kd4 Rd1+ 77. Kc5 Rd7 78. Rh8+ Ke7 79. g5
Ke6 80. Rf8 Bd3 81. Bc6 Rg7 82. Re8+ Kf5 83. Kd4 Bb5 84. Re5+ Kf4 85. Bxb5 axb5
86. Rxb5 Rxg5 87. Rxg5 Kxg5 1/2-1/2

[Event "Bundesliga 2022-23"]
[Site "Munich GER"]
[Date "2022.10.23"]
[Round "2.6"]
[Board "6"]
[White "Braun, Arik"]
[Black "Popovic, Dusan"]
[Result "1/2-1/2"]
[WhiteTitle "GM"]
[BlackTitle "GM"]
[WhiteElo "2597"]
[BlackElo "2486"]
[WhiteTeam "SC Viernheim"]
[BlackTeam "SV Deggendorf"]
[WhiteFideId "4663527"]
[BlackFideId "927031"]
[EventDate "2022.10.22"]

1. d4 Nf6 2. c4 g6 3. Nc3 Bg7 4. e4 d6 5. h3 Nbd7 6. Be3 e5 7. d5 h5 8. g3 Bh6
9. Bxh6 Rxh6 10. Qd2 Rh8 11. h4 Nc5 12. Bg2 a5 13. O-O-O Bd7 14. f3 Qb8 15. Bh3
Ba4 16. Nxa4 Nxa4 17. Ne2 b5 18. cxb5 Qxb5 19. Nc3 Qc5 20. Kb1 Nxc3+ 21. Qxc3
Qxc3 1/2-1/2

[Event "Bundesliga 2022-23"]
[Site "Munich GER"]
[Date "2022.10.23"]
[Round "2.6"]
[Board "7"]
[White "Dudin, Gleb"]
[Black "Buhmann, Rainer"]
[Result "1-0"]
[WhiteTitle "IM"]
[BlackTitle "GM"]
[WhiteElo "2471"]
[BlackElo "2561"]
[WhiteTeam "SV Deggendorf"]
[BlackTeam "SC Viernheim"]
[WhiteFideId "34184934"]
[BlackFideId "4651340"]
[EventDate "2022.10.22"]

1. d4 Nf6 2. c4 e6 3. Nf3 d5 4. g3 Be7 5. Bg2 O-O 6. O-O c6 7. Nc3 a5 8. Nd2 b5
9. cxb5 cxb5 10. Nxb5 Qb6 11. Nc3 Nc6 12. Nb3 Ba6 13. Re1 Rfc8 14. Bg5 Bc4 15.
Na4 Qa7 16. Nbc5 Bb5 17. e3 Nb4 18. Bxf6 Bxf6 19. Bf1 Be8 20. a3 Nc6 21. Nc3 Rd8
22. Rc1 e5 23. Bg2 Ne7 24. dxe5 Bxe5 25. Nd3 Bf6 26. Nf4 Rab8 27. Re2 d4 28.
exd4 Bxd4 29. Qe1 Ng6 30. Nfd5 h5 31. Rd1 Bd7 32. Qd2 Bc5 33. Bf3 h4 34. Qg5 Be8
35. gxh4 f6 36. Rxe8+ Rxe8 37. Qxg6 Bxf2+ 38. Kh1 Bxh4 39. Ne4 Rf8 40. Nd6 Bg5
41. Be4 1-0

[Event "Bundesliga 2022-23"]
[Site "Munich GER"]
[Date "2022.10.23"]
[Round "2.6"]
[Board "8"]
[White "Muetsch, Annmarie"]
[Black "Kuznecovs, Nikita"]
[Result "1-0"]
[WhiteTitle "WIM"]
[BlackTitle "FM"]
[WhiteElo "2238"]
[BlackElo "2301"]
[WhiteTeam "SC Viernheim"]
[BlackTeam "SV Deggendorf"]
[WhiteFideId "12971367"]
[BlackFideId "11604557"]
[EventDate "2022.10.22"]

1. e4 e6 2. d4 d5 3. Nd2 Be7 4. Bd3 c5 5. dxc5 Nf6 6. Qe2 O-O 7. Ngf3 Na6 8. e5
Nd7 9. Bxa6 bxa6 10. b4 Rb8 11. a3 f6 12. O-O Nxe5 13. Nxe5 fxe5 14. Qxe5 Rxb4
15. axb4 Bf6 16. Qg3 Bxa1 17. Nf3 Bc3 18. Bf4 Bxb4 19. Be5 Qd7 20. Bd4 Ba5 21.
Ne5 Qb7 22. c3 Bc7 23. c6 Qb5 24. Qg5 Bd8 25. Qg4 Bf6 26. h4 Qa4 27. Qg3 Qc2 28.
Nd7 Bxd7 29. Bxf6 Qg6 30. Qxg6 hxg6 31. Be7 Bxc6 32. Bxf8 Kxf8 33. Ra1 Bb5 34.
f4 Ke7 35. Kf2 Kd6 36. Ke3 Kc5 37. g4 Kc4 38. Ra3 Kc5 39. Ra1 Kc4 40. Kd2 Kb3
41. Rb1+ Kc4 42. Re1 Bd7 43. f5 gxf5 44. gxf5 e5 45. Rxe5 a5 46. h5 d4 47. cxd4
Kxd4 48. Rxa5 Ke4 49. h6 gxh6 50. f6 Be6 51. Rxa7 1-0

[Event "Bundesliga 2022-23"]
[Site "Weyhe GER"]
[Date "2022.10.23"]
[Round "2.7"]
[Board "1"]
[White "Brkic, Ante"]
[Black "Navara, David"]
[Result "1/2-1/2"]
[WhiteTitle "GM"]
[BlackTitle "GM"]
[WhiteElo "2602"]
[BlackElo "2676"]
[WhiteTeam "SK Kirchweyhe"]
[BlackTeam "SV Muelheim Nord"]
[WhiteFideId "14506688"]
[BlackFideId "309095"]
[EventDate "2022.10.22"]

1. e4 e5 2. Nf3 Nc6 3. Bb5 Nf6 4. O-O Nxe4 5. Re1 Nd6 6. Nxe5 Be7 7. Bf1 Nxe5 8.
Rxe5 O-O 9. Nc3 Bf6 10. Re1 Re8 11. Nd5 Rxe1 12. Qxe1 b6 13. d3 Bb7 14. Nxf6+
Qxf6 15. Qe3 c5 16. Qf4 Nf5 17. c3 Re8 18. Bd2 h6 19. h3 g5 20. Qg4 Bc6 21. f4
Ne3 22. fxg5 Qxf1+ 23. Rxf1 Nxg4 24. hxg4 Re2 25. Rf2 Rxf2 26. Kxf2 hxg5 27.
Bxg5 Kf8 28. g3 Bd5 29. a3 Bb3 30. Ke3 d6 31. Bf6 1/2-1/2

[Event "Bundesliga 2022-23"]
[Site "Weyhe GER"]
[Date "2022.10.23"]
[Round "2.7"]
[Board "2"]
[White "Nguyen, Thai Dai Van"]
[Black "Markus, Robert"]
[Result "1-0"]
[WhiteTitle "GM"]
[BlackTitle "GM"]
[WhiteElo "2634"]
[BlackElo "2615"]
[WhiteTeam "SV Muelheim Nord"]
[BlackTeam "SK Kirchweyhe"]
[WhiteFideId "358878"]
[BlackFideId "921637"]
[EventDate "2022.10.22"]

1. d4 Nf6 2. c4 d6 3. Nc3 e5 4. Nf3 Nbd7 5. e4 g6 6. Be2 Bg7 7. O-O O-O 8. Be3
c6 9. d5 Qe7 10. Qc2 Ng4 11. Bg5 f6 12. Bd2 Nh6 13. b4 Nf7 14. dxc6 bxc6 15.
Rab1 Bb7 16. Rfd1 Rfd8 17. Be3 Bh6 18. Bxh6 Nxh6 19. Nd2 Nf8 20. Nb3 Ne6 21. c5
dxc5 22. Nxc5 Rxd1+ 23. Nxd1 Nxc5 24. Qxc5 Kf8 25. Qe3 Nf7 26. Nc3 a5 27. bxa5
Rxa5 28. a4 Qc7 29. h4 Ba6 30. Bg4 Bc8 31. Bxc8 Qxc8 32. Qb6 Ra8 33. Qc5+ Kg7
34. Rb6 Ra6 35. a5 Qa8 36. Qb4 Qc8 37. Rxa6 Qxa6 38. Na4 Qe2 39. Nc5 Qa2 40. Nd7
Kh6 41. g4 1-0

[Event "Bundesliga 2022-23"]
[Site "Weyhe GER"]
[Date "2022.10.23"]
[Round "2.7"]
[Board "3"]
[White "Stevic, Hrvoje"]
[Black "Fridman, Daniel"]
[Result "1/2-1/2"]
[WhiteTitle "GM"]
[BlackTitle "GM"]
[WhiteElo "2565"]
[BlackElo "2603"]
[WhiteTeam "SK Kirchweyhe"]
[BlackTeam "SV Muelheim Nord"]
[WhiteFideId "14502569"]
[BlackFideId "11600454"]
[EventDate "2022.10.22"]

1. e4 e6 2. d4 d5 3. exd5 exd5 4. Nf3 Nf6 5. Bd3 Bd6 6. Qe2+ Be6 7. Ng5 Qe7 8.
Nxe6 fxe6 9. Nd2 Nc6 10. Nf3 e5 11. dxe5 Nxe5 12. Nxe5 Qxe5 13. Qxe5+ Bxe5 14.
c3 O-O 15. O-O Bd6 16. g3 Ng4 17. Kg2 Bc5 18. f3 Ne3+ 19. Bxe3 Bxe3 20. Rae1
Rae8 1/2-1/2

[Event "Bundesliga 2022-23"]
[Site "Weyhe GER"]
[Date "2022.10.23"]
[Round "2.7"]
[Board "4"]
[White "Dardha, Daniel"]
[Black "Jovanovic, Zoran"]
[Result "1/2-1/2"]
[WhiteTitle "GM"]
[BlackTitle "GM"]
[WhiteElo "2610"]
[BlackElo "2519"]
[WhiteTeam "SV Muelheim Nord"]
[BlackTeam "SK Kirchweyhe"]
[WhiteFideId "240990"]
[BlackFideId "14505320"]
[EventDate "2022.10.22"]

1. e4 d6 2. d4 Nf6 3. Nc3 e5 4. Nf3 Nbd7 5. Rg1 g6 6. g4 Bg7 7. dxe5 dxe5 8. Be3
O-O 9. Qd3 c6 10. O-O-O Qe7 11. g5 Nh5 12. Qd6 Qxd6 13. Rxd6 Re8 14. Bh3 Nf8 15.
Bxc8 Rexc8 16. a4 Nf4 17. h4 Rc7 18. Rgd1 Ng2 19. Rd8 Rxd8 20. Rxd8 Nxe3 21.
fxe3 f6 22. Nb1 fxg5 23. hxg5 h6 24. Nbd2 hxg5 25. Nxg5 Re7 26. Ra8 Bh6 27. Ndf3
Kg7 28. Kd2 a6 29. Rb8 Bxg5 30. Nxg5 Nh7 31. Nxh7 Kxh7 32. Ke2 Kh6 33. Kf3 Kg5
34. a5 Rd7 35. b4 Rf7+ 36. Ke2 Re7 37. Rg8 Rd7 38. Rf8 c5 39. b5 axb5 40. Rc8 c4
41. Rc5 Kf6 42. Rxb5 c3 43. Kf3 Rd2 44. Rxb7 Rxc2 45. Rb6+ Kf7 1/2-1/2

[Event "Bundesliga 2022-23"]
[Site "Weyhe GER"]
[Date "2022.10.23"]
[Round "2.7"]
[Board "5"]
[White "Kovacevic, Aleksandar"]
[Black "Beerdsen, Thomas"]
[Result "1/2-1/2"]
[WhiteTitle "GM"]
[BlackTitle "IM"]
[WhiteElo "2471"]
[BlackElo "2521"]
[WhiteTeam "SK Kirchweyhe"]
[BlackTeam "SV Muelheim Nord"]
[WhiteFideId "903124"]
[BlackFideId "1030108"]
[EventDate "2022.10.22"]

1. e4 c5 2. Nf3 d6 3. Bb5+ Nd7 4. d4 cxd4 5. Qxd4 a6 6. Bxd7+ Bxd7 7. c4 Nf6 8.
Nc3 g6 9. O-O Bg7 10. h3 O-O 11. Qd3 b5 12. Be3 Qb8 13. Nd2 Rc8 14. Rfc1 Qb7 15.
Bd4 Bc6 16. b3 bxc4 17. bxc4 e6 18. Rab1 Qe7 19. Qe3 Qf8 20. Rd1 e5 21. Bb6 Nh5
22. Nf3 Rab8 23. c5 dxc5 24. Bxc5 Qe8 25. Rxb8 Rxb8 26. Bd6 Rc8 27. Nd5 Bxd5 28.
Rxd5 Nf4 29. Rc5 Rd8 30. Bxe5 Nd3 31. Bc7 Nxc5 32. Bxd8 Nxe4 33. Bb6 Qc6 1/2-1/2

[Event "Bundesliga 2022-23"]
[Site "Weyhe GER"]
[Date "2022.10.23"]
[Round "2.7"]
[Board "6"]
[White "Vrolijk, Liam"]
[Black "Palac, Mladen"]
[Result "1-0"]
[WhiteTitle "IM"]
[BlackTitle "GM"]
[WhiteElo "2483"]
[BlackElo "2516"]
[WhiteTeam "SV Muelheim Nord"]
[BlackTeam "SK Kirchweyhe"]
[WhiteFideId "1048333"]
[BlackFideId "14500116"]
[EventDate "2022.10.22"]

1. Nf3 d5 2. e3 Nf6 3. c4 e6 4. Nc3 b6 5. cxd5 exd5 6. g3 Bb7 7. Bg2 Nbd7 8. O-O
Bd6 9. b3 O-O 10. Bb2 Re8 11. Rc1 a6 12. Re1 Ne5 13. Nxe5 Bxe5 14. Qc2 Rc8 15.
Ne2 Bd6 16. Nf4 c6 17. Qf5 Nd7 18. Nh5 Be5 19. Bxe5 Rxe5 20. Qg4 Rg5 21. Qe2 g6
22. Nf4 Re5 23. b4 Nf6 24. d3 d4 25. Qb2 dxe3 26. Rxe3 Rxe3 27. fxe3 Qe7 28. e4
g5 29. Ne2 c5 30. bxc5 bxc5 31. Rf1 Ng4 32. Bh3 h5 33. Bxg4 hxg4 34. Nc3 Rd8 35.
Qb3 Rd4 36. Rf5 c4 37. Qb6 Rd6 38. Qc5 cxd3 39. Re5 Qf6 40. Rxg5+ Kh8 41. Rf5
Qd4+ 42. Qxd4+ Rxd4 43. Rxf7 Bxe4 44. Rf4 d2 45. Kf2 Rd3 46. Rxe4 Rxc3 47. Ke2
Ra3 48. Rxg4 Rxa2 49. h3 a5 50. Rd4 Ra3 51. Rh4+ Kg7 52. Rg4+ Kh6 53. Kxd2 a4
54. h4 Rb3 55. Ke2 a3 56. Kf2 Rb2+ 57. Kf3 a2 58. Ra4 Rb3+ 59. Kg2 Rb2+ 60. Kh3
Kg6 61. Ra5 Rc2 62. h5+ Kh6 63. Kh4 Rh2+ 64. Kg4 Rb2 65. Ra6+ Kg7 66. Kg5 Rb5+
67. Kh4 Rb4+ 68. g4 Rb2 69. h6+ Kh7 70. Kh5 Rh2+ 71. Kg5 Rb2 72. Ra7+ Kg8 73.
Kh5 Rb5+ 74. g5 Rb2 75. g6 Rh2+ 76. Kg5 Rg2+ 77. Kf5 Rf2+ 78. Ke4 Re2+ 79. Kf3
Re8 80. Rxa2 Rd8 81. Kg4 Rf8 82. Kg5 Rb8 83. Rf2 Ra8 84. g7 Rb8 85. Rf8+ Rxf8
86. Kg6 1-0

[Event "Bundesliga 2022-23"]
[Site "Weyhe GER"]
[Date "2022.10.23"]
[Round "2.7"]
[Board "7"]
[White "Zelcic, Robert"]
[Black "Buckels, Valentin"]
[Result "1-0"]
[WhiteTitle "GM"]
[BlackTitle "IM"]
[WhiteElo "2495"]
[BlackElo "2456"]
[WhiteTeam "SK Kirchweyhe"]
[BlackTeam "SV Muelheim Nord"]
[WhiteFideId "14500310"]
[BlackFideId "12942766"]
[EventDate "2022.10.22"]

1. e4 e5 2. Nf3 Nc6 3. Nc3 Nf6 4. d4 exd4 5. Nxd4 Bb4 6. Nxc6 bxc6 7. Bd3 d5 8.
exd5 O-O 9. O-O cxd5 10. h3 Be6 11. Qf3 c5 12. Rd1 Qe7 13. a3 Bxc3 14. bxc3 c4
15. Bf1 Ne4 16. Bxc4 Nxc3 17. Qxc3 dxc4 18. Be3 Rfd8 19. Rd4 Rd7 20. Rad1 Rad8
21. Qa5 h6 22. c3 Rxd4 23. Rxd4 Rb8 24. a4 Rb3 25. Rd1 Qf6 26. Qxa7 Qg6 27. Rd8+
Kh7 28. Qa8 Qb1+ 29. Kh2 Rxc3 30. Rh8+ Kg6 31. Qg8 1-0

[Event "Bundesliga 2022-23"]
[Site "Weyhe GER"]
[Date "2022.10.23"]
[Round "2.7"]
[Board "8"]
[White "Hausrath, Daniel"]
[Black "Zaja, Ivan"]
[Result "1/2-1/2"]
[WhiteTitle "GM"]
[BlackTitle "GM"]
[WhiteElo "2465"]
[BlackElo "2417"]
[WhiteTeam "SV Muelheim Nord"]
[BlackTeam "SK Kirchweyhe"]
[WhiteFideId "4617495"]
[BlackFideId "14500450"]
[EventDate "2022.10.22"]

1. Nf3 Nf6 2. g3 b6 3. Bg2 Bb7 4. O-O e6 5. c4 Be7 6. d4 O-O 7. Re1 c5 8. d5
exd5 9. Nh4 Ne4 10. cxd5 Bxh4 11. Bxe4 Bf6 12. Qc2 h6 13. Bf4 d6 14. Na3 Bg5 15.
Bxg5 Qxg5 16. Nc4 Qe7 17. Bg2 Ba6 18. Ne3 Bc8 19. Qc3 Re8 20. a3 Nd7 21. Nf5 Qf8
22. e4 g6 23. Ne3 Ba6 24. f4 Qg7 25. Qc2 c4 26. Qc3 Nc5 27. Ng4 Qxc3 28. bxc3
Kg7 29. Re3 h5 30. Nf2 1/2-1/2

[Event "Bundesliga 2022-23"]
[Site "Weyhe GER"]
[Date "2022.10.23"]
[Round "2.8"]
[Board "1"]
[White "McShane, Luke J"]
[Black "Harikrishna, Pentala"]
[Result "1-0"]
[WhiteTitle "GM"]
[BlackTitle "GM"]
[WhiteElo "2653"]
[BlackElo "2717"]
[WhiteTeam "SV Werder Bremen"]
[BlackTeam "SG Solingen"]
[WhiteFideId "404853"]
[BlackFideId "5007003"]
[EventDate "2022.10.22"]

1. e4 e5 2. Nf3 Nc6 3. Bb5 a6 4. Bxc6 dxc6 5. O-O Qf6 6. d4 exd4 7. Bg5 Qd6 8.
Nxd4 Be7 9. Be3 Nh6 10. f3 f5 11. Nc3 O-O 12. Qe2 fxe4 13. Nxe4 Qg6 14. Rfe1 Nf5
15. Bf2 Nxd4 16. Bxd4 Re8 17. Ng3 Kf7 18. Qe5 Be6 19. Nh5 Bf6 20. Nxf6 gxf6 21.
Qxc7+ Re7 22. Qf4 Qf5 23. Re4 Qxf4 24. Rxf4 f5 25. Re1 Rd8 26. g4 Bc8 27. Rxe7+
Kxe7 28. g5 Kf8 29. Rh4 Be6 30. a4 Rd7 31. Kf2 Kg8 32. Ke3 Rd5 33. f4 c5 34. Be5
Bd7 35. a5 Rd1 36. Rh6 Bc6 37. h4 Rh1 38. h5 Be8 39. Rb6 Bc6 40. h6 Kf7 41. Kd2
Ra1 42. Rb3 Rxa5 43. Rg3 Kg6 44. Rd3 Be8 45. Rd8 Bf7 46. Rd6+ Kh5 47. Rd7 Bg6
48. Rxb7 Rb5 49. Ra7 Ra5 50. Kc3 Ra4 51. Rc7 Kg4 52. Rc6 1-0

[Event "Bundesliga 2022-23"]
[Site "Weyhe GER"]
[Date "2022.10.23"]
[Round "2.8"]
[Board "2"]
[White "Ragger, Markus"]
[Black "Fressinet, Laurent"]
[Result "1/2-1/2"]
[WhiteTitle "GM"]
[BlackTitle "GM"]
[WhiteElo "2632"]
[BlackElo "2622"]
[WhiteTeam "SG Solingen"]
[BlackTeam "SV Werder Bremen"]
[WhiteFideId "1610856"]
[BlackFideId "608742"]
[EventDate "2022.10.22"]

1. e4 e5 2. Nf3 Nc6 3. Bc4 Bc5 4. c3 Nf6 5. d4 exd4 6. e5 d5 7. Bb5 Ne4 8. cxd4
Bb6 9. Nc3 O-O 10. Be3 Bg4 11. h3 Bh5 12. Qc2 Bg6 13. Qb3 Ne7 14. O-O c6 15. Bd3
Nd2 16. Nxd2 Bxd3 17. Rfe1 Bf5 18. Na4 Ng6 19. Rac1 f6 20. Nxb6 Qxb6 21. exf6
Rxf6 22. Qxb6 axb6 1/2-1/2

[Event "Bundesliga 2022-23"]
[Site "Weyhe GER"]
[Date "2022.10.23"]
[Round "2.8"]
[Board "3"]
[White "Efimenko, Zahar"]
[Black "L'Ami, Erwin"]
[Result "1/2-1/2"]
[WhiteTitle "GM"]
[BlackTitle "GM"]
[WhiteElo "2599"]
[BlackElo "2617"]
[WhiteTeam "SV Werder Bremen"]
[BlackTeam "SG Solingen"]
[WhiteFideId "14107201"]
[BlackFideId "1007998"]
[EventDate "2022.10.22"]

1. Nf3 Nf6 2. g3 g6 3. Bg2 Bg7 4. O-O O-O 5. d4 d6 6. Nc3 d5 7. a4 a5 8. Bf4 c6
9. Re1 Bf5 10. Ne5 Nbd7 11. e4 dxe4 12. Nxe4 Nxe5 13. Bxe5 Nxe4 14. Bxe4 Bxe5
15. dxe5 Qxd1 16. Raxd1 Be6 17. f4 Rfd8 18. Kf2 Kf8 19. Ke3 Ke8 20. h4 h5 21. b3
Bg4 22. Rd4 Rxd4 23. Kxd4 Kd7 24. Re3 Rd8 25. Rd3 Kc7+ 26. Ke3 Rg8 27. Rd2 1/2-1/2

[Event "Bundesliga 2022-23"]
[Site "Weyhe GER"]
[Date "2022.10.23"]
[Round "2.8"]
[Board "4"]
[White "Warmerdam, Max"]
[Black "Van Foreest, Lucas"]
[Result "1/2-1/2"]
[WhiteTitle "GM"]
[BlackTitle "GM"]
[WhiteElo "2612"]
[BlackElo "2568"]
[WhiteTeam "SG Solingen"]
[BlackTeam "SV Werder Bremen"]
[WhiteFideId "1048104"]
[BlackFideId "1039792"]
[EventDate "2022.10.22"]

1. d4 d5 2. c4 e6 3. Nf3 Nf6 4. Nc3 Be7 5. Bf4 O-O 6. e3 c5 7. dxc5 Bxc5 8. a3
Nc6 9. cxd5 Nxd5 10. Nxd5 exd5 11. Rc1 Bd6 12. Bxd6 Qxd6 13. Be2 Qf6 14. b4 Rd8
15. Nd4 Bd7 16. O-O Nxd4 17. Qxd4 Qxd4 18. exd4 Rac8 19. Rc5 Kf8 20. Rxd5 b6 21.
Ba6 Ba4 22. Rh5 Rc3 23. Rxh7 Rxd4 24. Re1 g6 25. Rh3 Rxh3 26. gxh3 Bc6 27. Bf1
Rd5 1/2-1/2

[Event "Bundesliga 2022-23"]
[Site "Weyhe GER"]
[Date "2022.10.23"]
[Round "2.8"]
[Board "5"]
[White "Edouard, Romain"]
[Black "Andersen, Mads"]
[Result "0-1"]
[WhiteTitle "GM"]
[BlackTitle "GM"]
[WhiteElo "2554"]
[BlackElo "2604"]
[WhiteTeam "SV Werder Bremen"]
[BlackTeam "SG Solingen"]
[WhiteFideId "633429"]
[BlackFideId "1413864"]
[EventDate "2022.10.22"]

1. c4 c5 2. Nf3 Nf6 3. Nc3 d5 4. cxd5 Nxd5 5. e3 e6 6. d4 Nc6 7. Bb5 cxd4 8.
exd4 Bb4 9. Bd2 O-O 10. O-O Nce7 11. a3 Bd6 12. Bd3 b6 13. Re1 Bb7 14. Ne4 Bf4
15. Rc1 Nf5 16. Bb1 Rc8 17. Bxf4 Nxf4 18. Qd2 Rxc1 19. Rxc1 e5 20. g3 Bxe4 21.
Bxe4 Nxd4 22. Nxd4 Qxd4 23. Qxd4 Ne2+ 24. Kg2 Nxd4 25. Rc7 a5 26. Rb7 b5 27. Bd3
Rc8 28. Bxb5 f5 29. b3 Rc2 30. Bc4+ Kf8 31. Rf7+ Ke8 32. Ra7 e4 33. Rxa5 g6 34.
Re5+ Kf8 35. g4 Nf3 36. Re6 Rc1 37. Kg3 Rg1+ 38. Kf4 Rxg4+ 39. Ke3 f4+ 40. Kxe4
Ng5+ 41. Ke5 Nxe6 42. Bxe6 Rg2 43. Kxf4 Rxf2+ 44. Kg3 Ra2 45. a4 Ke7 46. Bg8 Kf6
47. h4 h6 48. Bc4 g5 49. hxg5+ Kxg5 50. Bd5 h5 51. Bc4 h4+ 52. Kh3 Rc2 53. a5
Rc3+ 54. Kh2 h3 55. a6 Kh4 56. Bd5 Rc2+ 57. Kg1 Ra2 58. b4 Rxa6 59. b5 Rf6 0-1